All Lego Sith Minifigures - Statistics

General Stats
  • This quiz has been taken 50 times
  • The average score is 10 of 22
Answer Stats
Answer % Correct
Maul
100%
Sidious
97%
Vader
97%
Dooku
85%
Kylo
70%
Reva
70%
Asajj
61%
Savage
61%
Revan
58%
Snoke
48%
Grand Inquisitor
45%
Malgus
42%
Malak
36%
Fifth Brother
30%
Barriss
18%
Galen
15%
Sith Warrior
15%
Baylon
12%
Shin
12%
Marrok
9%
Moc Hunter
9%
Naare
9%
No matching quizzes found
Score Distribution
Percent of People with Each Score
Percentile by Number Answered
Your Score History
You have not taken this quiz